Statistics for Random Asian City Map Quiz - Hard

Click here to take the quiz!

General Stats

  • This quiz has been taken 1,873 times
  • The average score is 13 of 20

Answers on the Map

Answers color-coded by a green-red scale on the quiz's map according to % correct below.
 

Answer Stats

Answer% Correct
Abu Dhabi
100%
Aden
100%
Agra
100%
Aleppo
100%
Amman
100%
Ankara
100%
Baku
100%
Bandar Seri Begawan
100%
Bangkok
100%
Beirut
100%
Chandigarh
100%
Chennai
100%
Daejeon
100%
Damascus
100%
Da Nang
100%
Dhaka
100%
Diyarbakir
100%
Doha
100%
Dubai
100%
Fukuoka
100%
Hai Phong
100%
Hanoi
100%
Harbin
100%
Ho Chi Minh City
100%
Hong Kong
100%
Islamabad
100%
Jakarta
100%
Jinan
100%
Kuala Lumpur
100%
Kuala Terengganu
100%
Kyoto
100%
Macau
100%
Manila
100%
Medina
100%
Mosul
100%
Muscat
100%
Nakhchivan
100%
Nicosia
100%
Nur-Sultan
100%
Phuket
100%
Pyongyang
100%
Salalah
100%
Samarkand
100%
Sendai
100%
Shiraz
100%
Shizouka
100%
Surabaya
100%
Tabriz
100%
Taipei
100%
Tashkent
100%
Tel Aviv
100%
Thanh Hoa
100%
Ürümqi
100%
Yangon
100%
Dushanbe
92%
Siem Reap
92%
Tbilisi
92%
Colombo
91%
Busan
90%
Haifa
90%
Jerusalem
90%
Kabul
90%
Seoul
90%
Adana
89%
Tokyo
89%
Bangalore
88%
Homs
88%
Indore
88%
Istanbul
88%
Kolkata
88%
Lhasa
88%
Mecca
88%
Almaty
86%
Antalya
86%
Baghdad
86%
Batangas
86%
Dili
86%
Gaziantep
86%
Hyderabad
86%
Izmit
86%
Kathmandu
86%
Kuching
86%
Singapore
86%
Angeles
83%
Ashgabat
83%
Bishkek
83%
Coimbatore
83%
Eskisehir
83%
Fukushima
83%
Ha Long
83%
Hiroshima
83%
Izmir
83%
Jeddah
83%
Manama
83%
Matsuyama
83%
Mumbai
83%
Nagoya
83%
Nha Trang
83%
Pashawar
83%
Sidon
83%
Thimphu
83%
Tripoli
83%
Vinh
83%
Xiamen
83%
Bandar Lampung
80%
Daegu
80%
Delhi
80%
Guangzhou
80%
Jaffna
80%
Kandahar
80%
Makassar
80%
Malacca
80%
Malé
80%
Mashhad
80%
Nagasaki
80%
Nanjing
80%
Naypyitaw
80%
Padang
80%
Port Blair
80%
Riyadh
80%
Sana'a
80%
Sapporo
80%
Shenyang
80%
Sibu
80%
Tabuk
80%
Toyota
80%
Wuhan
80%
Kanazawa
78%
Tainan
78%
Beijing
75%
Cagayan de Oro
75%
Chengdu
75%
Chiang Rai
75%
Chongqing
75%
Cuttack
75%
George Town
75%
Gyumri
75%
Hangzhou
75%
Ipoh
75%
Kagoshima
75%
Manado
75%
Mandalay
75%
Medan
75%
Ningbo
75%
Osaka
75%
Phnom Penh
75%
Qingdao
75%
Samsun
75%
Shanghai
75%
Shymkent
75%
Taichung
75%
Taizhou
75%
Tehran
75%
Türkmenabat
75%
Vientiane
75%
Yerevan
75%
Zhengzhou
75%
Banda Aceh
73%
Chittagong
73%
Erbil
73%
Kaohsiung
73%
Vasco Da Gama
73%
Wakayama
73%
Dalian
71%
Erzurum
71%
Fukui
71%
Isfahan
71%
Ishigaki
71%
Jeju
71%
Karachi
71%
Kerman
71%
Konya
71%
Nagano
71%
Okayama
71%
Qom
71%
Semarang
71%
Ahmedabad
70%
Visakhapatnam
70%
Ahvaz
69%
Jodhpur
69%
Asahikawa
67%
Bahawalpur
67%
Bandar Abbas
67%
Batman
67%
Changsha
67%
Chiang Mai
67%
Da Lat
67%
Dammam
67%
Fuzhou
67%
Gujrat
67%
Hefei
67%
Himeji
67%
Hoi An
67%
Khulna
67%
Kitakyushu
67%
Lao Cai
67%
Madurai
67%
Mersin
67%
Pontianak
67%
Puerto Princesa
67%
Pune
67%
Pyeongchang
67%
Quy Nhon
67%
Shijazhuang
67%
Tainjin
67%
Takamatsu
67%
Xi'an
67%
Yogyakarta
67%
Bhopal
63%
Can Tho
63%
Cebu
63%
Hakodate
63%
Hat yai
63%
Jaipur
63%
Ulaanbaatar
63%
Van
63%
Yamaguchi
63%
Balikpapan
60%
Bandung
60%
Baoding
60%
Changsha
60%
Davaoi
60%
Herat
60%
Ji'an
60%
Luang Prabang
60%
Pattaya
60%
Savannakhet
60%
Basra
57%
Batumi
57%
Canakkale
57%
Karbala
57%
Kumamoto
57%
Kunming
57%
Myitkyina
57%
Quanzhou
57%
Rasht
57%
Vijayawada
57%
Haikou
56%
Patna
56%
Shantou
56%
Ulsan
56%
jining
55%
Kayseri
55%
Lucknow
55%
Niigata
55%
Anyang
50%
Aomori
50%
Bacolod
50%
Changchun
50%
Denpasar
50%
Faisalabad
50%
Gujranwala
50%
Hamhung
50%
Hsinchu City
50%
Hue
50%
Hyderabad
50%
Kandy
50%
Kendari
50%
Khon Kaen
50%
Kota Bharu
50%
Kota Kinabalu
50%
Lahore
50%
Nagpur
50%
Naha
50%
Najaf
50%
Nanchang
50%
Nanchong
50%
Nanning
50%
Nasiriyah
50%
Oita
50%
Palu
50%
Pekanbaru
50%
Rayong
50%
Tam Ky
50%
Tawau
50%
Yinchang
50%
Fuzhou
44%
Guilin
44%
Kirkuk
44%
Matsue
44%
Batam
43%
Karagandy
43%
Pakse
43%
Samarinda
43%
Surat
43%
Wonsan
43%
Vung tau
42%
Al Ain
40%
Amarah
40%
Bursa
40%
Dali
40%
Erdenet
40%
Iloilo
40%
Latakia
40%
Poti
40%
Rajkot
40%
El Nido
38%
Quetta
38%
Varanasi
38%
Banjarmasin
33%
Dandong
33%
Hualien City
33%
Jayapura
33%
Lanzhou
33%
Legazpi
33%
Limassol
33%
Miyazaaki
33%
Zamboanga
33%
Baguio
30%
Multan
30%
Chifeng
29%
Guiyang
29%
Hamamatsu
29%
Kut
29%
Kutaisi
29%
Taif
29%
Mataram
25%
Morioka
25%
Wenzhou
25%
Alo Setar
22%
Weifang
22%
Anshan
20%
Anshan
20%
Chongjin
20%
Cirebon
20%
Kochi
20%
Krabi
20%
Luzhou
20%
Sandakan
20%
Sivas
20%
Taiz
20%
Wuxi
20%
Yangcheng
20%
Yantai
20%
Yinchuan
20%
Gwangju
14%
Linyi
14%
Mysuru
14%
Nagercoil
14%
Zibo
14%
Akita
0%
Fuji
0%
Nampo
0%
Pleiku
0%
Sanya
0%

Score Distribution

Percentile by Number Answered

Percent of People with Each Score

Your Score History

You have not taken this quiz